000 01414nam a2200217Ia 4500
003 Ost
005 20260507075310.0
008 260507s9999||||xx |||||||||||||| ||und||
040 _cfsecg
041 _aara
082 _a330
100 _aالدهراوي، كمال الدين مصطفى
_eمؤلف
245 0 _aمدخل معاصر في المحاسبة المالية المتقدمة /
_c كمال الدين مصطفى الدهراوي
260 _aالاسكندرية:
_bالمكتب الجامعي الحديث,
_c2006
300 _a399 صفحة؛
_bإيضاحات ؛
_c24 سم
520 _aالمحاسبة عن انظمام و اندماج الشركات وعن الاستثمارات طويلة الأجل ، تجميع القوائم المالية في تاريخ الشراء وفي تاريخ لاحق لتاريخ الشراء واعداد القوائم المجمعة مع وجود العمليات المتبادلة بين الشركة القابضة و الشركة التابعة والمحاسبة عن المعاملات بالعملة الأجنبية وترجمة القوائم المالية المقاسة بالعملة الاجنبية ، التقارير القطاعية مع وجود أسئلة و تمارين في نهاية كا فصل .
653 _aالمالية
653 _aالمحاسبة
653 _aمحاسبة الشركات
942 _cكتاب
999 _c43852
_d43852